The Revised English Bible (Record no. 6854)
[ view plain ]
| 000 -LEADER | |
|---|---|
| fixed length control field | 01583cam a2200397 a 4500 |
| 001 - CONTROL NUMBER | |
| control field | 628611 |
| 003 - CONTROL NUMBER IDENTIFIER | |
| control field | GBCCL |
| 005 - DATE AND TIME OF LATEST TRANSACTION | |
| control field | 20241126110613.0 |
| 008 - FIXED-LENGTH DATA ELEMENTS--GENERAL INFORMATION | |
| fixed length control field | 881229s1989 enk 000 0 eng |
| 010 ## - | |
| -- | 88033044 |
| 015 ## - | |
| -- | GB8914624 |
| -- | bnb |
| 015 ## - | |
| -- | GB97Y0615 |
| -- | bnb |
| 020 ## - INTERNATIONAL STANDARD BOOK NUMBER | |
| International Standard Book Number | 0521507235 |
| Qualifying information | (CAMBRIDGE UNIVERSITY PRESS) |
| 020 ## - INTERNATIONAL STANDARD BOOK NUMBER | |
| International Standard Book Number | 0191012106 |
| 035 ## - SYSTEM CONTROL NUMBER | |
| System control number | (OCoLC)ocm18989527 |
| 035 ## - SYSTEM CONTROL NUMBER | |
| System control number | (OCoLC)18989527 |
| Canceled/invalid control number | (OCoLC)18949955 |
| -- | (OCoLC)40886670 |
| -- | (OCoLC)59162213 |
| -- | (OCoLC)59586733 |
| -- | (OCoLC)732904664 |
| -- | (OCoLC)810781810 |
| 040 ## - CATALOGING SOURCE | |
| Original cataloging agency | DLC |
| Language of cataloging | eng |
| Transcribing agency | DLC |
| Modifying agency | ZBS |
| -- | BAKER |
| -- | UKV3G |
| -- | UKM |
| -- | BTCTA |
| -- | YDXCP |
| -- | AU@ |
| -- | NLE |
| -- | OCLCO |
| -- | OCLCQ |
| -- | OCLCA |
| -- | OCLCQ |
| -- | BACNE |
| -- | OCLCQ |
| 041 1# - | |
| -- | eng |
| -- | heb |
| -- | arc |
| -- | grc |
| 049 ## - | |
| -- | LBBK |
| 050 00 - | |
| -- | BS192.16 1989 |
| -- | .N48 1989 |
| 082 00 - DEWEY DECIMAL CLASSIFICATION NUMBER | |
| Classification number | 220.52062 |
| Item number | BIB |
| 130 0# - | |
| -- | Bible. |
| -- | English. |
| -- | Revised English. |
| -- | 1989. |
| -- | 12273 |
| 245 14 - TITLE STATEMENT | |
| Title | The Revised English Bible |
| 260 ## - PUBLICATION, DISTRIBUTION, ETC. | |
| Place of publication, distribution, etc. | [Oxford, England] : |
| Name of publisher, distributor, etc. | Oxford University Press ; |
| Place of publication, distribution, etc. | [New York] : |
| Name of publisher, distributor, etc. | Cambridge University Press, |
| Date of publication, distribution, etc. | 1989. |
| 300 ## - PHYSICAL DESCRIPTION | |
| Extent | xvii, 828, iv, 236 p.; |
| Dimensions | 22 cm |
| 336 ## - CONTENT TYPE | |
| Content type term | text |
| Content type code | txt |
| Source | rdacontent |
| 337 ## - MEDIA TYPE | |
| Media type term | unmediated |
| Media type code | n |
| Source | rdamedia |
| 338 ## - CARRIER TYPE | |
| Carrier type term | volume |
| Carrier type code | nc |
| Source | rdacarrier |
| 500 ## - GENERAL NOTE | |
| General note | "A revision of the New English Bible"--Title page verso. |
| 520 ## - SUMMARY, ETC. | |
| Summary, etc. | A comprehensible translation of the Bible representing all major denominations. |
| 650 ## - SUBJECT ADDED ENTRY--TOPICAL TERM | |
| Topical term or geographic name entry element | Bible |
| General subdivision | English |
| 9 (RLIN) | 12272 |
| 710 2# - ADDED ENTRY--CORPORATE NAME | |
| Corporate name or jurisdiction name as entry element | Oxford University Press. |
| 9 (RLIN) | 12274 |
| 710 2# - ADDED ENTRY--CORPORATE NAME | |
| Corporate name or jurisdiction name as entry element | Cambridge University Press. |
| 9 (RLIN) | 12275 |
| 856 42 - ELECTRONIC LOCATION AND ACCESS | |
| Materials specified | Publisher description |
| Uniform Resource Identifier | <a href="http://catdir.loc.gov/catdir/enhancements/fy0640/88033044-d.html">http://catdir.loc.gov/catdir/enhancements/fy0640/88033044-d.html</a> |
| 942 ## - ADDED ENTRY ELEMENTS (KOHA) | |
| Source of classification or shelving scheme | Dewey Decimal Classification |
| Koha item type | Books |
| Withdrawn status | Lost status | Source of classification or shelving scheme | Damaged status | Not for loan | Home library | Current Library | Shelving location | Date acquired | Total checkouts | Full call number | Barcode | Date last seen | Copy number | Price effective from | Koha item type |
|---|---|---|---|---|---|---|---|---|---|---|---|---|---|---|---|
| Dewey Decimal Classification | GRACE BIBLE COLLEGE | GRACE BIBLE COLLEGE | Bible | 2018-06-29 | 220.52062 BIB | 003788 | 2025-05-01 | c.1 | 2018-06-29 | Reference Books |